Cały polski alfabet w 60 sekund (x3) - Statystyki

Ogólne statystyki
  • Ten quiz został rozwiązany 794 razy
  • Średni wynik to 35 z 78
Statystyki odpowiedzi
Odpowiedź % Poprawnych
A
100%
B
99%
C
99%
D
98%
E
98%
F
98%
G
97%
H
97%
I
97%
J
97%
K
96%
L
96%
M
94%
N
94%
O
93%
P
93%
R
67%
S
66%
T
65%
Q
64%
U
64%
V
51%
W
51%
X
46%
Y
44%
Z
44%
A
37%
B
35%
C
34%
D
34%
E
33%
F
33%
G
33%
H
33%
I
32%
J
32%
K
32%
L
32%
M
31%
N
31%
O
31%
P
31%
R
30%
Q
29%
S
29%
T
29%
U
29%
V
28%
W
28%
X
27%
Y
27%
Z
27%
A
26%
B
26%
C
25%
D
25%
E
25%
F
25%
G
25%
H
25%
I
25%
J
25%
K
25%
L
24%
M
23%
N
23%
O
22%
P
22%
Q
22%
R
22%
S
21%
T
21%
U
21%
V
20%
W
19%
X
18%
Y
18%
Z
18%
Nie znaleziono quizów pasujących do podanych kryteriów
Rozkład punktacji
Procent ludzi z każdym wynikiem
Percentyl według liczby udzielonych odpowiedzi
Twoja historia wyników
Nie rozwiązałeś tego quizu